00981nas a2200289Ia 4500001001200000003001000012008004100022040002500063041001200088100001800100210002400118222002400142240003900166245003900205250001100244260000900255501012300264300001400387362002600401500003000427650002300457700001100480942000700491957000600498999003300504952015400537db12-32915 IT-MiCISF161014c99999999xx |||||||||||| ||und|| aIT-MiCISFcIT-MiCISF aINGLESE aSutton Agneta aEthics and Medicine aEthics and Medicine aIs the Human Embryo Our Neighbour? 0aIs the Human Embryo Our Neighbour? a1a ed. c2000 bCISF - Centro Internazionale Studi Famiglia - Via Giotto, 36 20145 MILANO (non commercial uses only)cCopyright 2016 app. 57-60 a vol. 16, n. 2 [2000] a Tema: bioetica, embrione aBIOETICAvarticolo aAA.VV. cCR 71 a32915bSig1c221398d221398 0010406DB_123291571aCISFbCISFd2016-10-14l0odb12-32915 r2016-10-14 00:00:00w2016-10-14yCRzData import 15.10.2016 / by Epidotti, Vaglietti